| 000 | 00585nam a2200169 a 4500 | ||
|---|---|---|---|
| 001 | 000035339 | ||
| 005 | 20200930074253.0 | ||
| 008 | 111027s1964 fr 000 0 spa d | ||
| 040 |
_aDO-SdBNP _bspa _cBNPHU |
||
| 100 | 1 |
_aMounin, Georges _961123 |
|
| 245 | 1 | 0 |
_aMachiavel : _bsa vie, son oeuvre avec un expose de sa philosophie / _cGeorges Mounin. |
| 260 |
_aFrancia : _bPresses Universitaires de France, _c1964. |
||
| 300 |
_a102 p. ; _c19 cm. |
||
| 490 | 1 | _aPhilosophes | |
| 590 | _aPerteneció a la biblioteca personal de Juan Isidro Jimenes Grullón. | ||
| 830 | 0 |
_aPhilosophes _961124 |
|
| 999 |
_c34830 _d34830 |
||